000
00293nam a2200121Ia 4500
008
190216s9999||||xx |||||||||||||| ||und||
100
_a
Kehar Sangha
245
0
_a
Productivity And Economic Growth
260
_b
Asia Publishing House
_c
1964
300
_a
121p
650
_a
Commerce
942
_c
BK
999
_c
4759
_d
4759